| 000 | 01180nam a22002777a 4500 | ||
|---|---|---|---|
| 001 | 8222 | ||
| 003 | FISKH | ||
| 005 | 20250903105321.0 | ||
| 008 | 250903b cb ||||| |||| 00| 0 eng d | ||
| 020 | _a9789995002152 | ||
| 040 |
_aFISKH _bkhmr _cFISKH _dFISKH |
||
| 050 | _aPZ7 | ||
| 082 | _a495.911 | ||
| 100 | _aSyda, Yin | ||
| 245 |
_aភាសាខ្មែរ ថ្នាក់ទី ៣ : _bអាន-សរសេរ / |
||
| 260 |
_aPhnom Penh : _bMistry of Youth and Sport, _c2019. |
||
| 300 |
_a226 pages : _bcolor illustrations ; _c26 cm |
||
| 505 | _aO | ||
| 520 | _aសៀវភៅនេះបោះពុម្ពឡើងក្នុងគោលបំណង អភិវឌ្ឍសមត្ថភាពអាន និងសរសេររបស់សិស្ស បង្រៀនពាក្យថ្មី និងវចនាធិប្បាយខ្មែរ បង្កើតជំនាញវេយ្យាករណ៍ និងអក្ខរក្រមខ្មែរ | ||
| 521 | 8 |
_a600
_bLexile estimate |
|
| 521 | 8 | _aO | |
| 650 | _aភាសាខ្មែរ | ||
| 650 | _aKhmer | ||
| 942 |
_2ddc _cKHB _n0 |
||
| 999 |
_c8222 _d8222 |
||